Getting control of your anger : A clinically proven, Three - step plan for getting to the root of the problem and resolvingh it
Getting Control of Your Anger helps adults who have "inherited" destructive anger patterns learn constructive ways to express themselves and get their needs met. Focusing on breaking the cycle of anger, Dr. Allan helps you discover the reasons for your anger, find more constructive ways to...
Saved in:
| Main Author: | |
|---|---|
| Format: | Book |
| Language: | Undetermined |
| Published: |
New York
McGraw-Hill
2006
|
| Subjects: | |
| Tags: |
Add Tag
No Tags, Be the first to tag this record!
|
| Institutions: | Trung tâm Học liệu Trường Đại học Cần Thơ |
|---|
| LEADER | 01045nam a2200217Ia 4500 | ||
|---|---|---|---|
| 001 | CTU_139094 | ||
| 008 | 210402s9999 xx 000 0 und d | ||
| 020 | |c 15.56 | ||
| 082 | |a 152.47 | ||
| 082 | |b A417 | ||
| 100 | |a Allan, Robert | ||
| 245 | 0 | |a Getting control of your anger : | |
| 245 | 2 | |b A clinically proven, Three - step plan for getting to the root of the problem and resolvingh it | |
| 245 | 0 | |c Robert Allan, Donna Blass | |
| 260 | |a New York | ||
| 260 | |b McGraw-Hill | ||
| 260 | |c 2006 | ||
| 520 | |a Getting Control of Your Anger helps adults who have "inherited" destructive anger patterns learn constructive ways to express themselves and get their needs met. Focusing on breaking the cycle of anger, Dr. Allan helps you discover the reasons for your anger, find more constructive ways to get your core needs met, and break the cycle by avoiding passing destructive patterns along to your children. | ||
| 650 | |a Anger,Sự tức giận | ||
| 904 | |i Liễu | ||
| 980 | |a Trung tâm Học liệu Trường Đại học Cần Thơ | ||